Marketing 08/09 / 08/09
Đã lưu trong:
| Príomhúdar: | |
|---|---|
| Formáid: | Leabhar |
| Teanga: | English |
| Foilsithe: |
McGraw Hill Companies Inc,
2008.
|
| Ábhair: | |
| Clibeanna: |
Cuir Clib Leis
Gan Chlibeanna, Bí ar an gcéad duine leis an taifead seo a chlibeáil!
|
| Thư viện lưu trữ: | Mạng thư viện Đại học Đà Nẵng |
|---|
| LEADER | 00913nam a22002891a 4500 | ||
|---|---|---|---|
| 001 | 000034816 | ||
| 003 | 11031 | ||
| 005 | 20240924102010.0 | ||
| 008 | 151027s2008 000 eng | ||
| 020 | |a 9780073369464 | ||
| 041 | |a eng | ||
| 082 | |a 330 |b RI-J | ||
| 100 | |a Richardson, John | ||
| 245 | 0 | |a Marketing 08/09 / |c John E.Richardson |n 08/09 | |
| 260 | |a McGraw Hill Companies Inc, |c 2008. | ||
| 300 | |a 203p. : ; |c 26cm. | ||
| 650 | |a Marketing | ||
| 653 | |a Marketing | ||
| OWN | |a LNN | ||
| AVA | |a UDN50 |b LNN |c English |d 330RI-J |e available |t Error 5001 Not defined in file expand_doc_bib_avail. |f 2 |g 0 |h N |i 0 |j AN |k 1 | ||
| 999 | |a From the UDN01 | ||
| AVA | |a UDN50 |b LNN |c English |d 330RI-J |e available |t Error 5001 Not defined in file expand_doc_bib_avail. |f 2 |g 0 |h N |i 0 |j AN |k 1 | ||
| TYP | |a Monograph | ||
| 980 | |a Mạng thư viện Đại học Đà Nẵng | ||


